[Event "3rd London Chess Classic"]
[Site "London ENG"]
[Date "2011.12.12"]
[Round "9"]
[White "Nakamura, Hikaru"]
[Black "Adams, Michael"]
[Result "1-0"]
[WhiteElo "2758"]
[BlackElo "2734"]
[Annotator "Keti Arakhamia-Grant"]
[PlyCount "81"]
[EventDate "2011.12.03"]
[Source "Mark Crowther"]
[SourceDate "2011.11.14"]

1. e4 e5 2. f4 {The choice of the opening would not come as a surprise to
Adams, because of Nakamura's reputation as a very original player and the fact
that he played the King's Gambit before.} exf4 3. Nf3 d5 ({It is actually
great to see the romantic openings played by top players in our pragmatic age.
In the following game we see Shirov in action behind the white pieces.} 3... h6
4. Nc3 d6 5. d4 g5 6. g3 Bg7 7. gxf4 g4 8. Rg1 Kf8 9. Be3 Nc6 10. d5 Nb4 11. a3
gxf3 12. axb4 Qh4+ 13. Rg3 Nf6 14. Qxf3 Nh5 15. Be2 Nxg3 16. hxg3 Qd8 17. Kd2
Bd7 18. e5 dxe5 19. f5 b6 20. d6 Be8 21. f6 Bxf6 22. Rf1 Bg5 23. Bc4 Qxd6+ 24.
Ke2 Bxe3 25. Qxa8 Qd2+ 26. Kf3 f5 27. Qc8 Kg7 28. Qxc7+ Kf8 29. Qxe5 Bh5+ 30.
g4 Bxg4+ 31. Kg3 Qd4 32. Qb8+ Kg7 33. Qc7+ Kg6 34. Qf7+ Kg5 35. Qe7+ {1-0
Shirov,A (2709)-Alekseev,E (2673)/Lublin POL 2011/The Week in Chess 863}) (3...
g5 4. Bc4 Bg7 5. h4 h6 6. d4 d6 7. c3 Nc6 8. O-O g4 9. Ne1 Qxh4 10. Bxf4 Nf6
11. e5 dxe5 12. dxe5 g3 13. Bxg3 Qxg3 14. exf6 Bf8 15. Nd3 Bd6 16. Qh5 Bg4 17.
Bxf7+ Kf8 18. Qg6 Qh2+ 19. Kf2 Qg3+ {1/2-1/2 Nakamura,H (2733)-Ivanchuk,V 
(2754)/Cap d'Agde FRA 2010/CT-3646/[Mikhail Golubev (www.chesstoday.net)]}) 4.
exd5 Nf6 5. Bc4 ({Nakamura deviates from his own game where he gave a check on
b5.} 5. Bb5+ Nbd7 6. c4 Qe7+ 7. Qe2 Qxe2+ 8. Kxe2 a6 9. Bxd7+ Bxd7 10. d4 Nh5
11. Kf2 O-O-O 12. Nc3 h6 13. Ne5 Be8 14. g4 fxg3+ 15. hxg3 f6 16. Nf3 g5 17.
Bd2 Bg6 18. g4 Ng7 19. Rae1 Re8 20. Rxe8+ Nxe8 21. c5 {1/2-1/2 Nakamura,H 
(2701)-Ivanov,A (2516)/Ledyard 2009/CBM 129 Extra}) 5... Nxd5 6. O-O Be6 ({The
other popular continuation is to quickly finish development of the kingside,
for example like in the next encounter on the top level:} 6... Be7 7. Bxd5 Qxd5
8. Nc3 Qd8 9. d4 O-O 10. Bxf4 Bf5 11. Qe2 Bd6 12. Bxd6 Qxd6 13. Nb5 Qd8 14. c4
a6 15. Nc3 Nd7 16. Rad1 Bg6 17. Qf2 Re8 18. h3 Rc8 19. Rfe1 Rxe1+ 20. Rxe1 c6
21. d5 Nf6 22. Qd4 cxd5 23. Nxd5 Nxd5 24. cxd5 Qd6 25. Ne5 Re8 26. Re3 Rd8 27.
Nc4 Qf6 28. Re5 h6 29. d6 Bf5 30. Nb6 Be6 31. d7 Kh8 32. a4 g6 33. Qc3 Kg7 34.
a5 h5 35. h4 Rxd7 36. Nxd7 Bxd7 37. Qd4 Bc6 38. b4 Bb5 39. Kh2 Ba4 40. Rd5 Bc6
41. Qxf6+ Kxf6 42. Rc5 Ke6 43. Kg3 f6 44. Kf2 Bd5 45. g3 g5 46. g4 hxg4 47. h5
Be4 48. Rc7 f5 49. h6 f4 50. h7 g3+ 51. Ke1 f3 52. h8=Q f2+ 53. Ke2 Bd3+ 54.
Ke3 {1-0 Carlsen,M (2813)-Wang Yue (2752)/Medias ROU 2010.}) 7. Bb3 c5 ({More
common is} 7... Be7) 8. Kh1 ({The attemt to complicate the game. The
alternative} 8. d4 {may lead to the following simplifications} cxd4 9. Nxd4 Bc5
10. Kh1 Bxd4 11. Qxd4 O-O 12. Bxd5 Nc6 13. Qxf4 Qxd5 14. Nc3 {as in the game
Lyell,M (2187)-Haslinger,S (2468)/Great Yarmouth 2007, where Black went on to
win, although not because of the opening.}) 8... Nc6 (8... Be7 9. d4 O-O 10. c4
Ne3 11. Bxe3 fxe3 12. d5 Bg4 13. Qd3 Nd7 14. Bc2 g6 15. Qxe3 Bd6 16. Nbd2 {...
1/2-1/2 Fier,A (2471)-Saralegui Cassan,M (2196)/Turin 2006}) 9. d4 c4 $5 ({The
move in the game is stronger than the capture on d4. Maybe this option escaped
Nakamura's attention when he played his 8th move.} 9... cxd4 10. Nxd4 Ne3 11.
Bxe3 fxe3 12. Qh5 Qa5 $11) 10. Ba4 ({If bishop takes the c4 pawn, White loses
the exchange without the reasonable compensation.} 10. Bxc4 Ne3 11. Bxe3 Bxc4
12. Bxf4 Bxf1 13. Qxf1 Bd6 $15) 10... Bd6 {Black succeeds in finishing his
development and still keeps his extra pawn for a little while without
compromising his position. In fact the f4- pawn greatly restricts White's from
harmoniously developing his pieces.} 11. b3 c3 12. Qd3 O-O 13. Bxc6 ({In case
of immediate capture on c3 White loses c2-pawn due to the open c file.} 13.
Nxc3 Ncb4 14. Qd2 Nxc3 15. Qxc3 Rc8 $19) 13... bxc6 14. Nxc3 Re8 15. Nxd5 Bxd5
16. c4 Be4 17. Qc3 a5 18. a3 f6 19. Bb2 Ra7 20. Rad1 Rae7 21. b4 axb4 22. axb4
Kh8 23. Qb3 Rb7 24. Bc3 Qb8 25. b5 cxb5 26. c5 b4 27. Bd2 Bf8 28. Rde1 g5 29.
Qc4 g4 30. Nh4 f3 31. d5 fxg2+ 32. Nxg2 Bf3 33. Kg1 Rc8 34. c6 Rb5 35. Nf4 Bc5+
({Stronger is to push the passed pawn now} 35... b3 {since, if} 36. Qc3 {like
in the game, Black still has the bishop on f8 sufficiently defending his king.}
b2 37. Ne6 Be7 $1 $19) 36. Be3 Bxe3+ ({The unfortunate mistake by Adams, who
played really well until now. Although it is not losing the game yet, as it
often happens, it is followed by even bigger error. Black keeps his advantage
with} 36... Qb6 37. Qc1 Bxe3+ 38. Qxe3 Qxe3+ 39. Rxe3 b3 $17) 37. Rxe3 Qb6 38.
Rfe1 b3 $2 ({More resilient is} 38... Ra5 39. Kf1 Ra1 40. Re7 Rxe1+ 41. Rxe1
Bxd5 $5 {transposes into an ending where White has an extra piece but reduced
number of pawns suggests that Black might have some practical chances.} 42.
Nxd5 Qxc6 43. Qxc6 Rxc6 44. Nxb4 Rd6) 39. Qc3 Rf8 40. Ne6 b2 41. c7 1-0

[Event "6th Tal Memorial"]
[Site "Moscow RUS"]
[Date "2011.11.18"]
[Round "3"]
[White "Nakamura, Hikaru"]
[Black "Svidler, Peter"]
[Result "0-1"]
[WhiteElo "2758"]
[BlackElo "2755"]
[Annotator "Keti Arakhamia-Grant"]
[PlyCount "96"]
[EventDate "2011.11.16"]
[Source "Mark Crowther"]
[SourceDate "2011.11.14"]

1. d4 Nf6 2. c4 g6 3. Nc3 d5 4. cxd5 Nxd5 5. e4 Nxc3 6. bxc3 Bg7 7. Bc4 c5 8.
Ne2 Nc6 9. Be3 O-O 10. O-O Bg4 11. f3 Bd7 12. Rb1 Qc7 13. Bd3 Rfd8 $146 ({At
the press conference Svidler avoided explaining his choice of the rook move.
Avrukh suggests to develop the queen's rook.} 13... Rad8 14. d5 Ne5 15. c4 f5
16. Bf4 e6 17. Qb3 Bc8 18. exf5 gxf5 19. Nc3 Qe7 20. Rbd1 Ng6 21. Bg3 e5 22.
Bc2 Qg5 23. Kh1 h5 24. Ne2 h4 25. Bf2 b6 26. Rde1 Qh5 27. f4 exf4 28. Ng1 Ne5
29. Nf3 Ng4 30. Bxh4 Rde8 31. Be7 Rf7 32. Bd6 Re3 33. Rxe3 fxe3 34. Kg1 Qh6 35.
Bb8 Rb7 36. Bg3 f4 37. Bh4 Ne5 38. Nxe5 Bxe5 39. Qd3 Rg7 40. Qe4 Qh5 41. Bd1
Bg4 42. Bxg4 Qxg4 43. Bg3 e2 44. Re1 fxg3 45. Qxe5 gxh2+ 46. Qxh2 Qd4+ {0-1
Antonsen,M (2438)-Avrukh,B (2641)/Helsingor DEN 2009.}) 14. Qd2 {The natural
developing move. In the Avrukh's book it is met by the bishop's retreat to c8,
applying pressure on the pawn centre. However since Svidler left a rook on a8
to play bishop d7 to c8 now looks odd. Instead retreating bishop to e8 seems
to be a reasonable option.} a6 (14... Be8 $5 15. Rfc1 e6 16. f4 b6 $13) 15. f4
e6 16. dxc5 Na5 17. Nd4 e5 18. fxe5 Qxe5 19. Qb2 ({White can take advantage of
black's 13...Rfd8, by moving a queen from the d-file to f2 with tempo,
attacking on f7 and indirectly defending the c5 pawn.} 19. Qf2 Qe7 ({in case of
} 19... Be8 {White regroupes his knight on to d5} 20. Rbd1 Rac8 21. Ne2 Nc6 22.
Nf4 {with the advantage.}) 20. h4 Be8 21. h5 ({winning the exchange cannot be
recommended since Black gets a good compensation for it} 21. Bg5 Qxc5 22. Bxd8
Rxd8) 21... Rac8 22. Rb6 $5 Rc7 23. Be2 Rdc8 (23... Qxe4 24. h6 Bf8 25. Ne6 $1
$16) 24. h6 Bh8 (24... Be5 25. Ne6 $1 Rc6 26. Nf4 Bxf4 27. Qxf4 $16) 25. Bg4
$14) 19... Rac8 20. Qb4 ({Nakamura underestimates Black's next move. He could
play} 20. Rbc1 Be8 ({Neither of the pawn captures works for Black now} 20...
Rxc5 21. Qf2 {with a double attack on f7 and c5} Qe8 22. Nf5 $1) ({in case of} 
20... Qxc5 21. Nf5 Qf8 22. Nxg7 Qxg7 23. Bb6 $16 {Black will suffer without
the dark-square bishop.}) 21. Nf3 Qe7 22. Bd4 Nc6 23. Qf2 {White still is
holding on to his extra pawn and keeps a slight advantage.}) 20... Qxc5 $1 21.
Qxc5 Rxc5 22. Ne2 ({Maybe Nakamura was planning to play} 22. Nf5 Rxc3 23. Bb6
Nc6 24. Nxg7 {and noticed too late that Black doesn't have to recapture on g7
and just moves the rook} Rc8 $1 $15 {as the knight is now trapped on g7.})
22... Rc6 23. Bb6 Rxb6 24. Rxb6 Bc6 $44 {All black's pieces are harmoniously
placed, even the knight is useful on a5 restricting the d3 bishop.} 25. Rf3 ({
I wonder if White should admit his oversight and immediately return the
exchange} 25. Rxc6 Nxc6 26. Bc4 Ne5 27. Bd5 {he is maybe still slightly worse
but active bishop and the different colour bishops promise good chances to
equality, in my opinion.}) 25... f5 26. Rb4 ({also possible here} 26. Rxc6 Nxc6
27. Bc4+ Kh8 28. Rd3 Re8 29. Bd5) 26... Bf8 27. Rd4 Bc5 28. Re3 ({More
resilient} 28. Rf4 {but White is still facing ungrateful task of defending in 
a worse ending} fxe4 29. Bxe4 Bb5 30. Kh1 Bxd4 31. Nxd4 Bc4 $15) 28... Re8 $1
$17 29. e5 Bd5 30. Kf2 Bxa2 31. Ra4 Bxe3+ 32. Kxe3 Rxe5+ 33. Kf4 Bb3 34. Kxe5
Bxa4 35. Kd6 Bc6 36. g3 Kg7 37. Nd4 Be4 38. Bxe4 fxe4 39. Nc2 Nc4+ 40. Kd5 Nd2
41. Kc5 Kf6 42. Kb6 Ke5 43. Kxb7 Kd5 44. Ne3+ Kc5 45. Kxa6 Nb1 46. Kb7 Nxc3 47.
Kc8 Kd4 48. Ng2 Ke5 0-1

[Event "5th SPICE Cup GpA"]
[Site "Lubbock USA"]
[Date "2011.10.22"]
[Round "7"]
[White "Robson, Ray"]
[Black "Dominguez Perez, Leinier"]
[Result "0-1"]
[WhiteElo "2583"]
[BlackElo "2710"]
[Annotator "Keti Arakhamia-Grant"]
[PlyCount "42"]
[EventDate "2011.10.15"]
[Source "Mark Crowther"]
[SourceDate "2011.11.14"]

1. e4 c5 2. Nf3 d6 3. d4 cxd4 4. Nxd4 Nf6 5. Nc3 a6 6. Bg5 e6 7. f4 h6 8. Bh4
Qb6 {Ftachnik in the Grandmaster Repertoire 6 concentrates his attention on 8..
. Be7. But recently the move with the queen, reminiscent of the Poisoned Pawn
variation became fashionable.} 9. Qd2 Qxb2 10. Rb1 Qa3 11. f5 (11. e5 dxe5 12.
fxe5 g5 13. exf6 gxh4 14. Be2 Qa5 15. O-O Nd7 16. Kh1 Qg5 17. Rf4 e5 18. Nd5
exd4 19. Qxd4 Kd8 20. Rd1 h3 21. g3 Bd6 22. Re4 Re8 23. Nb6 Rxe4 24. Qxe4 Qc5
25. Nxa8 Nxf6 26. Qd3 Ke7 27. Bf3 h5 28. Qe2+ Be6 29. Bxb7 Ng4 30. Rf1 h4 31.
gxh4 Nxh2 32. Rg1 Kf8 33. Rg5 Qb4 34. Qe4 Qb1+ 35. Rg1 Nf1 36. Qc6 Ng3+ 37. Kh2
Nf1+ 38. Kh1 Qd1 39. Qf3 Qd2 {0-1 Nisipeanu,L (2673)-Wojtaszek,R (2711)/
Aix-les-Bains FRA 2011.}) 11... Be7 12. fxe6 fxe6 13. Bc4 Nxe4 14. Nxe4 Bxh4+
15. g3 Bg5 16. Nxg5 hxg5 17. c3 $146 ({Robson deviates from previously played
capture on e6, but unfortunately very quickly goes wrong. The other game that
reached this position continued} 17. Nxe6 Bxe6 18. Bxe6 Qxg3+ 19. hxg3 Rxh1+
20. Ke2 Rh2+ 21. Ke1 Rxd2 22. Kxd2 Ra7 23. Bd5 Nd7 24. Rxb7 Rxb7 25. Bxb7 Nc5
26. Bf3 Kd7 {1/2-1/2 Vallejo Pons,F (2698)-Morozevich,A (2700)/Reggio Emilia
ITA 2011]}) 17... Qc5 18. Bxe6 Qe5+ 19. Kf2 $2 ({The other king's retreat is
not any better} 19. Kd1 Qe4 $19) ({Instead White can offer the queen exchange
where chances are about equal.} 19. Qe2 Nc6 20. Bd5 Qxe2+ 21. Kxe2 $11 Nxd4+
22. cxd4 Rb8 23. h4) 19... Bxe6 $19 20. Rbe1 O-O+ 21. Kg1 Bh3 0-1

[Event "5th SPICE Cup GpA"]
[Site "Lubbock USA"]
[Date "2011.10.24"]
[Round "9"]
[White "Robson, Ray"]
[Black "Le, Quang Liem"]
[Result "1/2-1/2"]
[WhiteElo "2583"]
[BlackElo "2717"]
[Annotator "Keti Arakhamia-Grant"]
[PlyCount "134"]
[EventDate "2011.10.15"]
[Source "Mark Crowther"]
[SourceDate "2011.11.14"]

1. e4 c5 2. Nf3 d6 3. d4 cxd4 4. Nxd4 Nf6 5. Nc3 a6 6. Bg5 e6 7. f4 h6 8. Bh4
Be7 9. Qf3 Nbd7 10. O-O-O Qc7 11. Be2 b5 12. Bxf6 Nxf6 13. e5 Bb7 14. Qg3 dxe5
15. fxe5 Nd5 16. Nxe6 fxe6 17. Qg6+ Kd7 18. Bg4 Qxe5 19. Nxd5 Qg5+ 20. Qxg5 ({
To understand what was happening in the opening stage of this game one must
really read the chapter 18, variation D32 of Grandmaster Repertoire 6. Here
Ftacnik thinks that White's best chance to fight for the advantage is} 20. Ne3+
Kc7 21. Qxe6 Bc5 22. Rd7+ Kb8 23. Rxb7+ Kxb7 24. Re1 Kb8 25. b4 Bxe3+ 26. Rxe3
Qf6 27. Qxf6 gxf6 28. Bf3 Ra7 29. Re6 a5 30. a3 {Ftacnik} ({I was curious
about this position and wondered if White can try} 30. a4 $5 bxa4 31. b5 a3 32.
Kb1 Rd8 33. Rxf6 Re7 34. Ra6 (34. Rb6+ Kc7 35. Rxh6 Rd6 36. Rxd6 Kxd6 37. b6
Re1+ 38. Ka2 Rc1 39. b7 Rxc2+ 40. Kxa3 Kc7 $11) 34... Rd2 35. b6 Rb7 36. h4 a2+
37. Kxa2 Rxc2+ 38. Kb3 Rc5 39. Ka4 h5 40. g3 {and most likely it will be a draw
}) 30... axb4 31. axb4 Ra4 32. Rb6+ Ka7 33. Rxb5 Rb8 34. Rxb8 Kxb8 35. b5 Kc7
$11) 20... Bxg5+ 21. Kb1 Bxd5 22. Rxd5+ Kc7 23. Rc5+ (23. Re5 Rhe8 24. Rhe1
Rad8 25. Rxe6 Rxe6 26. Rxe6 Rd6 27. Re4 Bf6 28. Bf3 Rd2 29. c3 a5 30. a3 Rf2
31. Re2 Rxe2 32. Bxe2 b4 33. cxb4 {1/2-1/2 Hansen,T (2423)-Nguyen Huynh Minh,H
(2477)/Budapest 2008.}) 23... Kb6 ({Keeping the king central and defending the
week e6-pawn looks like a more natural reaction} 23... Kd6 24. Rc3 Rac8 25. Ra3
Rc6 26. Bf3 Rb6 27. Rd1+ Ke5 28. Rd7 Rd8 29. Rxg7 Rd2 30. Rc3 b4 31. Rb3 Rb5
32. a3 bxa3 33. Rxa3 Rc5 34. c3 Rb5 35. Ra2 a5 36. Rb7 Rxb7 37. Bxb7 Bd8 38. h3
Rf2 39. Bf3 Kf5 40. Ra4 e5 41. Rg4 Bg5 42. Ra4 Bd8 43. Rc4 Be7 44. Rc7 Bf6 45.
Ra7 Bd8 46. Rd7 Bg5 47. Rd5 Rf1+ 48. Ka2 Kf4 49. Rxa5 e4 50. Ra4 Rxf3 51. gxf3
Kxf3 52. c4 e3 53. Kb3 {1/2-1/2 Balutescu,M (2213)-Evans,D (2413)/ICCF 2010})
24. Re5 Rhe8 25. Rhe1 Rac8 {White will win the pawn, but with the
opposite-coloured bishops Black's drawing chances are high.} 26. Bf3 Rc7 27. a4
Rce7 28. Bh5 Rc8 29. Bf3 Rce8 30. Bh5 Rc8 31. Rxe6+ Rxe6 32. Rxe6+ Rc6 33. a5+
Kc5 34. Re4 Rc7 35. c3 Re7 36. Rd4 Bf6 37. b4+ Kc6 38. Bf3+ Kc7 39. Rd5 Re5 40.
Rd3 Re8 41. Kc2 Re5 42. Kb3 Re1 43. Bg4 Re4 44. Bf5 Rf4 45. Be6 Re4 46. Bf5 Rf4
47. Bh3 Rc4 48. g3 Re4 49. Rd7+ Kb8 50. Rd6 Rc4 51. Rd3 Re4 52. Bf5 Re5 53. Bg4
Kc7 54. Rd7+ Kc6 55. Rd3 ({It is interesting to notice that all the white
pawns are placed on the dark squares (opposite colour of his own bishop) and
if in the middle game and closed structures that what we are told to do, here
it works to White's disadvantage! In the endgame with the opposite-coloured
bishops that rule almost could be reversed. In that case bishop can defend his
pawns better! We can see that clearly after} 55. Ra7 Re3 {Black attacks the
base of the dark-squared pawn chain and the light-squared bishop can't defend
it.} 56. Rxa6+ Kc7 $11) 55... Kc7 56. Kc2 Re4 57. Rd7+ Kb8 58. Bf5 Re2+ 59. Kb3
Rxh2 60. Rd6 Rf2 61. Be4 Re2 62. Bd3 Rd2 63. Rb6+ Kc7 64. Be4 Re2 65. Bd3 Rd2
66. Be4 Re2 67. Bd3 Rd2 1/2-1/2

[Event "3rd London Chess Classic"]
[Site "London ENG"]
[Date "2011.12.10"]
[Round "7"]
[White "Short, Nigel D"]
[Black "McShane, Luke J"]
[Result "0-1"]
[WhiteElo "2698"]
[BlackElo "2671"]
[Annotator "Keti Arakhamia-Grant"]
[PlyCount "72"]
[EventDate "2011.12.03"]
[Source "Mark Crowther"]
[SourceDate "2011.11.14"]

1. e4 e5 2. f4 exf4 3. Nf3 {In this position Black has a choice of few options
like 3...g5, 3...d5, 3...d6, 3...Be7, 3...Nf6. The continuation in the game is
not played as often, but has been tried on the top level as well.} h6 4. d4 g5
5. Nc3 d6 6. g3 fxg3 ({It is amazing to see that White can sacrifice a piece
for a pawn if Black decides to return the pawn at once.} 6... Bg7 7. gxf4 g4 8.
Rg1 (8. Be3 $5) 8... Kf8 9. Be3 Nc6 ({If Black accepts the sacrifice the
position remains unclear and very sharp. However I suspect that players have
agreed that it is more difficult to defend it with black pieces, since White
has a clear plan of mobilising all his forces, doubling rooks on the open
g-file and advancing his central pawns. It is interesting that engines
indicate that White is doing fine here despite the material deficit.} 9... gxf3
10. Qxf3 $13) 10. d5 Nb4 11. a3 gxf3 12. axb4 $13 {... 1-0 Shirov,A (2709)
-Alekseev,E (2673)/Lublin POL 2011}) 7. hxg3 ({We have few games where White
played} 7. h4 {It is probably not the best but dos look very brave.}) 7... Bg7
8. Be3 ({The other game on the top level continiued} 8. Bc4 Nf6 9. Qd3 Nc6 10.
Bb3 Bg4 11. Rf1 Na5 12. Ba4+ Nd7 13. Nd5 c6 14. Ne3 Be6 15. c3 b5 16. Bc2 Nc4
17. b3 Nxe3 18. Bxe3 Nb6 19. Kf2 d5 20. e5 Bf8 21. Kg1 Be7 22. Rf2 Kd7 23. Ne1
h5 24. Qf1 h4 25. g4 h3 26. Bf5 Qg8 27. Kh2 a5 28. Nd3 Kc7 29. Qe2 a4 30. Raf1
axb3 31. axb3 Ra3 32. Bc1 Ra1 33. Rf3 Nd7 34. R1f2 Qa8 35. Bb2 Ra2 36. Nc1 Ra7
37. Qd3 Ba3 38. Bxa3 Rxa3 39. Bxe6 fxe6 40. Qg6 Qg8 41. Qc2 Qh7 42. Qb2 Rha8
43. Rf7 Qe4 44. Qd2 Qxg4 45. Rg7 Ra1 46. Rff7 Rd8 47. Rxg5 Qe4 48. Rf4 Qb1 49.
Rg1 Rda8 50. Rf7 Qe4 51. Qf2 Rd8 52. Re1 Qg6 53. Rg1 Qe4 54. Re1 Qg6 55. Rg1
Qe4 {1/2-1/2 Morozevich,A (2748)-Leko,P (2725)/Frankfurt 2000}) 8... Nf6 9. Qd3
$146 (9. Qd2 Nc6 10. O-O-O Ng4 11. Bg1 O-O 12. Be2 a6 13. Re1 Bd7 14. Bd3 b5
15. Nd5 Ne7 16. Ne3 Re8 17. Rf1 Ng6 18. Nxg4 Bxg4 19. Be3 Bxf3 20. Rxf3 c5 21.
c3 Rc8 22. Bc2 b4 23. Bb3 Re7 24. Rhf1 bxc3 25. bxc3 c4 26. Bc2 Qc7 27. Rf5 Rb8
28. Qe2 Rb7 29. a4 Rb6 30. Qf3 Qb7 31. Rd5 Rd7 32. Qe2 Ne7 33. Ra5 Rc7 34. Qf2
Nc6 35. Rd5 Rb2 36. Rxd6 Ra2 37. e5 Qb2+ 38. Kd1 Qxc3 39. Bc1 a5 40. g4 Qh3 41.
Qf5 Rxc2 42. Kxc2 Bf8 43. Rg6+ Kh8 44. Rxc6 Qb3+ 45. Kd2 Rxc6 46. Ke1 Qc3+ 47.
Ke2 Rc7 48. e6 Re7 49. d5 Bg7 {1/2-1/2 Nightingale,D (2506)-Marczell,I (2559)/
ICCF 2009}) 9... Ng4 10. O-O-O c6 11. Re1 ({Why not to save the bishop first} 
11. Bg1 {and then slowly build up the pressure, since the Black weaknesses are
more of the long term.}) 11... Nd7 12. e5 dxe5 13. Bh3 ({Deserves attention to
simply take back on e5} 13. dxe5 Nxe3 (13... Ngxe5 14. Bd4 Qe7 15. Qe3 f6 16.
Bc4 $13) 14. Qxe3 Qb6 15. e6 Qxe3+ 16. Rxe3 fxe6 17. Rxe6+ $44) 13... Nxe3 14.
Rxe3 ({Maybe the best option for White now is} 14. Bxd7+ Bxd7 15. Rxe3 Be6 16.
Nxe5 O-O {Black manages to consolidate his position, but White also has some
play for a pawn.}) 14... O-O 15. Ne4 (15. Bxd7 {is met with} exd4 $1 16. Bxc8
Rxc8 $17) 15... Nf6 ({Black had a nice move available here} 15... g4 $1 16.
Bxg4 exd4 17. Bxd7 (17. Ree1 Nc5 18. Nxc5 Bxg4 $17 {The position simplified a
little. Two bishops, two extra pawns and relatively safe king  suggest that
Black is close to having a decisive advantage.} {For example} 19. Ne5 Qg5+ 20.
Qd2 Qxd2+ 21. Kxd2 Bc8 $19) 17... Qxd7 ({also possible is} 17... dxe3 {even if
the position around the black king looks a bit worrying} 18. Neg5 f5 19. Qb3+
Kh8 20. Bxc8 Rxc8 21. Ne6 Qd5 $19) 18. Ree1 Qd5 $19 {White does not has
sufficient compensation for two pawns}) 16. Bxc8 ({More resilient is} 16. Nxf6+
Qxf6 17. dxe5 Qg6 18. Bxc8 Raxc8 {Black is better, but White has some
practical chances.}) 16... exd4 17. Bxb7 dxe3 18. Bxa8 Nxe4 19. Qxe4 Qb6 20.
Ne5 Rxa8 $19 21. Qxc6 Qxc6 22. Nxc6 Re8 23. c3 Re6 24. Nxa7 Be5 25. Nb5 e2 26.
Kd2 Bxg3 27. Re1 Bxe1+ 28. Kxe1 h5 29. Nd4 Ra6 30. a3 h4 31. Kxe2 g4 32. c4 h3
33. Kf2 h2 34. Kg2 Rh6 35. Kh1 g3 36. Nf5 g2+ 0-1